00686nam a22002297a 4500003000500000005001700005008004100022010001000063011001000073020001800083035001100101040000900112082001900121245008200140260003500222300004300257650001900300650004000319650004800359650003000407700001900437CHAP20220329143536.0100428s2009 uk a r 00010 eng d a98280 a99252 a9781845935641 a109937 cCHAP04a333.75152bP6900aPlanted forests :buses, impacts, and sustainabilityc/edited by Julian Evans aWallingford, UK :bFAO,cc2009 axiv, 213 p. :bilus., gráfs., tablas04aArboricultura.04aReforestaciónxAspectos sociales.14aReforestaciónxEfecto del medio ambiente.14aSilvicultura sustentable.0 aEvans, Julian.